| 000 | 00558cam a2200193 4500 | ||
|---|---|---|---|
| 008 | 000000n2001 000 0 eng u | ||
| 020 | _a1860814522 | ||
| 035 | _a(Sirsi) u111432 | ||
| 050 | _a690.2 | ||
| 110 | _aBuilding Research Establishment | ||
| 245 | _aInsulating masonry cavity walls. Part 1 : techniques and materials | ||
| 260 |
_aLondon _bCRC _c2001 |
||
| 300 | _a4p. : ill. ; 30cm. | ||
| 490 |
_aBRE Good Building Guide _vGBG 44 |
||
| 650 | _aINSULATION | ||
| 650 | _aCAVITY WALL INSULATION | ||
| 690 | _aBUILT ENVIRONMENT | ||
| 942 | _n0 | ||
| 999 |
_c101244 _d101244 |
||